Регионална библиотека "Любен Каравелов" - Русе

Просветна политика на някои комуни (Запис номер 152216)

MARC детайли
000 -Лидер
Контролно поле с фиксирана дължина 01704nam a2200385 c 4500
003 - Код на организацията, давaща контролен номер
Контролно поле BLK
005 - Дата и час на последна редакция
Контролно поле 20221208030905.0
008 - Елементи от данни с фиксирана дължина
fixed length control field 180410b bul|||||r ||||||| ||bul||
010 ## - Наследен системен номер
LC control number KNG00158663000
040 ## - Източник на каталожния запис
Идентификатор на билиотеката - собственик на записа BLK
041 ## - Код за език
Код за езика на текст/звукозапис или на отделно заглавие Български
Код за езика КДБФ Български
072 #7 - Код за тематичната категория
Код организация bullib
Код за тематична категория К
Текст Краезнание
080 ## - УДК
Текстов определител УДК Комунистически партии. Вж и 327.323
УДК код - определител по УДК 329.15
УДК определител (497.2)
УДК - код + определител 329.15(497.2)
139 ## - Редно поле
Редна дума Просветна политика на някои комуни
Авторски знак Прод - П 91
245 10 - Сведения за заглавието
Заглавие Просветна политика на някои комуни
Подзаглавни данни Сборник : Принос към изследване просв. политика на БКП 1912-1923 г.
Редно поле (дума) Обрешко Обрешков.
257 ## - Страна на издаване
Страна на създаване/издаване България
260 ## - Област на издателските данни
Име на издателя, разпространителя и проч. Нар. просв.
Година на издаване 1967
Печатница Враца : В. Александров
Място на издаване, разпространение и проч. София
300 ## - Физическа характеристика
Страници 143 с.
Илюстрации и др. с портр.
Размери/Мащаб 20 см
380 ## - Жанр
Жанр Обществени науки
500 ## - Общи забележки
Забележка Изд. на НИИ по педагогика акад. Т. Самодумов. - Други авт.: П. Тончев, Д. Попов, К. Цонев, В. Цонков. - 2 084 тир.
650 #4 - Допълнително описание по предмет – тема
Основно описание – тема или топоним БКП - история
9 (RLIN) 251670
650 #4 - Допълнително описание по предмет – тема
Основно описание – тема или топоним Образование и просвета - България - история
9 (RLIN) 244253
651 #4 - Допълнително описание по предмет - топоним
Географско понятие България
9 (RLIN) 241624
653 ## - Ключова дума – ненормативна
Ключова дума БКП
653 ## - Ключова дума – ненормативна
Ключова дума комуни
653 ## - Ключова дума – ненормативна
Ключова дума Просвета
653 ## - Ключова дума – ненормативна
Ключова дума история
659 ## - Тематичен бюлетин
Тематичен бюлетин К
700 ## - Други автори (авторска отговорност)
Лично име Обрешков, Обрешко
Автороска отговорност (Описва отношението между автора и произведението) съавт.
9 (RLIN) 1445
852 ## - Местоположение
Форматна сигнатура Цб 44200
Фондова буква Хранилище
852 ## - Местоположение
Форматна сигнатура К 329(497.2)/П 91
856 4# - Електронен адрес и достъп
Електронен формат pdf - файл
856 4# - Електронен адрес и достъп
Електронен формат pdf - файл
999 ## - СИСТЕМНИ КОНТРОЛНИ НОМЕРА
Koha biblionumber 152216
Koha biblioitemnumber 152216
942 ## - АРТИКУЛИ
Вид на библиотечния материал Книги
Скрит в OPAC Не
Периодичен библиозапис Да
944 ## - СЪЗДАВАНЕ И РЕДАКЦИЯ на ЗАПИСА
Създаване/Редакция Създаване
Дата на регистрацията/редакция 26.03.2014
Статус, дата на статуса 26.03.2014 - от С1,Р / 26.03.2014
Служител, извършил регистрацията/редакцията Валя_Йорданова
944 ## - СЪЗДАВАНЕ И РЕДАКЦИЯ на ЗАПИСА
Създаване/Редакция Редакция
Дата на регистрацията/редакция 26.03.2014
Статус, дата на статуса 26.03.2014 - от С1,Р / 26.03.2014
944 ## - СЪЗДАВАНЕ И РЕДАКЦИЯ на ЗАПИСА
Създаване/Редакция Редакция
Дата на регистрацията/редакция 2022-06-11
999 ## - СИСТЕМНИ КОНТРОЛНИ НОМЕРА
Koha biblioitemnumber 152216
999 ## - СИСТЕМНИ КОНТРОЛНИ НОМЕРА
Koha biblioitemnumber 152216
999 ## - СИСТЕМНИ КОНТРОЛНИ НОМЕРА
Koha biblioitemnumber 152216
Наличности
Код за отписване Код за изгубен артикул Източник на класификационната схема Код за повреда Коз за рестрикции Код за отдаване Артикулен № Име на библиотеката - собственик Име на библиотеката, в която се намира в момента Статус (Текущо местоположение) Дата на вписване в системата Местоположение - отдел Цена в лева Инвентарен номер Систематично азбучна сигнатура Баркод Номер на екземпляра Цена в евро Служебна бележка Служебен тип на артикула
  Не е изгубен Universal Decimal Classification Не е повреден без рестрикции ползва се в читалня 254110 Регионална библиотека "Любен Каравелов" Русе Регионална библиотека "Любен Каравелов" Русе Хранилище 1967-01-01 Хранилище 0.30 3192/68 Цб 44200 900000100957 1 0.15 Дост: Dp Вид: Д N: Сф Дата: 01.01.1967 Книги
  Не е изгубен Universal Decimal Classification Не е повреден без рестрикции ползва се в читалня 254111 Регионална библиотека "Любен Каравелов" Русе Регионална библиотека "Любен Каравелов" Русе Краезнание 1967-01-01 Краезнание 0.30 6321/68 К 329(497.2)/П 91 900000003592 2 0.15 N: Сф Дата: 01.01.1967 Дата инв: 13.11.2017 Бележки инв: К2017 Книги
  Не е изгубен Universal Decimal Classification Не е повреден без рестрикции ползва се в читалня 254112 Регионална библиотека "Любен Каравелов" Русе Регионална библиотека "Любен Каравелов" Русе Краезнание 1967-01-01 Краезнание 0.30 6322/68 К 329(497.2)/П 91 900000003593 3 0.15 N: Сф Дата: 01.01.1967 Дата инв: 13.11.2017 Бележки инв: К2017 Книги
Vip Innovations Ltd, Rousse, Bulgaria 2025